000 00615nam a2200157 a 4500
008 101101s1997 ||||||||||||||||| || |
050 _aCBU-SB(05)JB
100 _aLungu, John
245 1 0 _aPrivatising property rights: the structural adjustment programmes and land policy in Zambia
260 _aKitwe
_bCopperbelt University School of Business
_c1997
300 _a75-93pp.
350 _a0.00
650 _aLAND
650 _aLAND POLICY--ZAMBIA
995 _D0.00
_FCBU-MAIN LIBRARY (Kitwe)
_H1
_I0.00
_M1
_UAVAILABLE
_WNov 1, 2010
_ZZambiana Collection
999 _c54706
_d54706